Reliez la série TV à son personnage #1 Click - Statistiques

Statistiques générales
  • Ce quiz a été pris 263 fois
  • Le résultat moyen est 13 sur 21
Statistiques - réponses
Hint Réponse % Correct
Walter White Breaking Bad
87%
Ragnar Lodbrok Vikings
85%
Onze (Eleven) Stranger Things
84%
Daenerys Targaryen Game of Thrones
82%
Meredith Grey Grey's Anatomy
81%
Thomas Shelby Peaky Blinders
77%
Sheldon Cooper Big Bang Theory
75%
Rachel Green Friends
74%
Bree Van De Kamp Desperate Housewives
69%
Rick Grimes The Walking Dead
61%
Blair Waldorf Gossip Girl
59%
Franck Gallagher Shameless
53%
Clay Jensen 13 Reasons Why
52%
Ted Mosby How I met your mother
51%
Piper Halliwell Charmed
50%
Elena Gilbert Vampire Diaries
50%
Michael Scott The Office
48%
Clarke Griffin The 100
46%
Betty Cooper Riverdale
43%
Piper Chapman Orange is the new black
40%
Rachel Berry Glee
36%
Aucun quiz correspondant
Distribution des résultats
% des personnes avec chaque résultat
Percentile par nombre de réponses
Votre historique - résultats
Vous n’avez pas pris ce quiz